• 首页
  • 本馆介绍
  • 公告通知
  • 最新文献
  • 馆藏检索
  • 电子资源
  • 读者导购
  • 参考咨询
  • 我的图书馆
  • 登录
  • 详细信息显示
  • 放入我的书架
  • 预约/预借图书
  • 作者相关作品
  • 分类相关作品
  • 丛书相关作品
  • 出版社相关作品

书目信息

  • 表格格式
  • 工作单格式
  • 卡片格式
题名:
南开大学
    
 
作者:
分册:  
出版信息: 北京   知识出版社  1982
页数: 38页
开本: 19cm
丛书名: 中国著名高等院校概况丛书
单 册:
中图分类: G649.28
科图分类:
主题词: 教育--各级
电子资源:
ISBN:
000 00675nam2 2200265 45
001 0182001834
005 20040510100951.7
010    @dCNY0.17
091    @a7214.26
100    @a19950526d1982 em y0chiy0121 ea
101 0  @achi
102    @aCN@b110000
105    @af z 000yy
106    @ar
200 10 @a南开大学@Anan kai da xue
210    @a北京@c知识出版社@d1982
215    @a38页@c照片@d19cm
225 2  @a中国著名高等院校概况丛书
410  0 @120010@a中国著名高等院校概况丛书
601 02 @a南开大学@x概况
606 0  @a教育@x各级
690    @aG649.28
801  0 @aCN@b上海图书馆@c20040510
801  2 @aCN@bNLC@c20040510
905    @f2@b81006-007@dG649.28@e23
    
    南开大学.-北京:知识出版社,1982
    38页:照片;19cm.-(中国著名高等院校概况丛书)
    
    
    ISBN :CNY0.17
    
●
相关链接 在E读中查询图书 在五车中查询图书 在当当中查询图书 在豆瓣中查询图书


正题名:南开大学     索取号:G649.28/23         预约/预借

序号 登录号 条形码 馆藏地/架位号 状态 备注
1 0081006   000263903   密集书库/ [索取号:G649.28/23] 在馆    
2 0081007   000263967   密集书库/ [索取号:G649.28/23] 在馆    
3 0081008   000263896   第一样本阅览室/ [索取号:G649.28/23] 在馆    
唐山师范学院图书馆 欢迎您!
大连网信软件有限公司© 版权所有